000 01388cam a2200313 4500
008 090401t1998 xxu||||| |||| 00| 0 eng d
020 _a185112134X
035 _a(Sirsi) u90665
041 _aeng
050 _a346.410438
_c18
110 _aUnited Kingdom
_bDepartment of the Environment, Transport and the Regions
_93507
245 4 _aThe key to easier home buying and selling
_ba consultation paper
260 _aLondon
_bDETR
_c1998
300 _a59p.
_c30cm.
350 _a10
520 _aProduced by a ministerial task group this consultation reprints "RICS/ISVA homebuyer survey and valuation report". The consultation paper forms a part of the OPDM home buying and selling policy website which outlines the development of the Housing Bill and Home Information Packs. View at www.housing.odpm.gov.uk.
650 _aCHAINS
650 _aCONVEYANCING
650 _aGAZUMPING
650 _aGAZUNDERING
650 _aHOUSE SALES
650 _aHOME INFORMATION PACKS
690 _aPROPERTY LAW AND PRACTICE
710 _aUnited Kingdom
_bLord Chancellor's Department
_91274
710 _aUnited Kingdom
_bDepartment of Trade and Industry
856 _uhttps://webarchive.nationalarchives.gov.uk/+/http://www.communities.gov.uk/index.asp?id=1151093
_zView the consultation paper on the webarchive.nationalarchives.gov.uk website.
942 _n0
948 _c12/01/1999
999 _c97573
_d97573